Trouvez les paroles - L’enfer - Stromae - Statistiques

Statistiques générales
  • Ce quiz a été pris 99 fois
  • Le résultat moyen est 153 sur 208
Statistiques - réponses
Réponse % Correct
Je
96%
À
95%
A
95%
La
95%
95%
Pas
93%
De
92%
Et
92%
Ce
90%
Seul
90%
Tout
90%
Dans
89%
Être
89%
J’ai
89%
Suis
89%
Ces
88%
Tête
88%
ça
86%
J’suis
85%
Que
85%
Les
84%
Pensé
84%
Déjà
82%
Des
82%
Faire
82%
Fait
82%
On
82%
Peu
82%
Qui
82%
Un
82%
Enfer
81%
Me
81%
Pensées
81%
Est
79%
Suicidaires
79%
C’est
78%
Fier
78%
J’en
78%
Parfois
78%
Taire
78%
Eu
77%
Font
77%
Si
77%
Vivre
77%
Manière
75%
Quoi
75%
Y
75%
D’j’à
74%
D’jà
74%
Beaucoup
73%
D’moins
73%
Combien
71%
Croit
71%
Du
71%
Mais
70%
Seule
70%
Moi
67%
Nous
67%
Coup
66%
Ont
64%
Plein
64%
Chaine
63%
Culpabilité
63%
D’autres
63%
Dire
63%
Pour
63%
Quand
63%
Bien
62%
M’sens
62%
Tu
60%
Même
59%
Télé
59%
J’comptais
58%
Trop
58%
Ai
56%
Malgré
55%
Toi
52%
Sais
51%
Avec
49%
Faut
48%
Idées
48%
Réfléchi
48%
S’arrête
48%
Vraiment
47%
Mûrement
45%
Tard
45%
Justement
44%
Qu’ça
44%
L’problème
41%
S’changer
41%
Oublier
40%
Vite
36%
Réfléchir
32%
Un enfer
32%
Sinon
30%
R’part
29%
Qu’j’aimerais
25%
Est-c’qu’y
12%
Suicudaires
4%
Aucun quiz correspondant
Distribution des résultats
% des personnes avec chaque résultat
Percentile par nombre de réponses
Votre historique - résultats
Vous n’avez pas pris ce quiz